000 01394cam a2200409 i 4500
001 32588
003 KOSZ 005
005 20220322133141.0
008 981002s1997 pl a f f |000 0 pol d
015 _aPB 1998/15939
040 _aWA N
_cWA N
_dKOSZ 005/HR
046 _k1997
080 _a621.01
080 _a744
080 _a(075.8)
100 1 _aKurmaz, Leonid W.
_eAutor
245 1 0 _aPodstawy konstrukcji maszyn :
_bprojektowanie dla studentów wydziału mechanicznego /
_cLeonid W. Kurmaz.
260 _aKielce :
_bPŚ,
_c1997.
300 _a172 s. :
_brys., wykr. ;
_c21 x 29 cm.
380 _aKsiążki
380 _aPublikacje dydaktyczne
385 _mPoziom nauczania
_aSzkoły wyższe
388 _a1901-2000
388 _a1989-2000
490 1 _a[Skrypty] / Politechnika Świętokrzyska,
_x0239-6386 ;
_v308.
500 _aNa książce błędna nazwa serii: Skrypt.
504 _aBibliogr. s. 168-170.
650 4 _a Konstrukcja maszyn i urządzeń
650 4 _aCzęści maszyn
655 4 _aPodręczniki akademickie
655 4 _aTablice i wzory
655 4 _aRysunek techniczny
658 _aInżynieria i technika
830 0 _aSkrypty - Politechnika Świętokrzyska
_v308
856 _uhttp://koha.tu.koszalin.pl/cgi-bin/koha/opac-detail.pl?biblionumber=32588
_yKatalog online BPK
942 _2UKD
_cKS
999 _c32588
_d32588